1 jeu de mots = 1 Capitale - Statistiques

Statistiques générales
  • Ce quiz a été pris 412 fois
  • Le résultat moyen est 6 sur 16
Statistiques - réponses
Jeux de mots Pays % Correct
J'ai pas ris Paris
92%
Andorre qui est âgée Andorre-la-Vieille
69%
Le port des princes Port-au-Prince
60%
Course automobile dans le désert Dakar
52%
Trois fois plus poli que les autres Tripoli
50%
Tiago est absent Santiago
49%
Ancienne Reine d'Angleterre Victoria
47%
Hambourg luxueux Luxembourg
44%
Il ne faut pas en manger plus de 25 grammes par jour Sucre
37%
Nour est devenu Sultan Noursoultan
35%
Il plis mais ne romps pas Roseau
34%
Comment on définit la valeur du diamant ? Ankara
25%
Le nouveau port Porto-Novo
20%
Ville qui n'est pas enfermée Libreville
19%
Il faut etre pragmatique pour réussir Prague
6%
Son nom en dit long ... Rome
1%
Aucun quiz correspondant
Distribution des résultats
% des personnes avec chaque résultat
Percentile par nombre de réponses
Votre historique - résultats
Vous n’avez pas pris ce quiz